BILLION DOLLAR BRAND CLUB HOW DOLLAR SHA (Record no. 32564)

MARC details
000 -LEADER
fixed length control field 00349nam a2200133Ia 4500
008 - FIXED-LENGTH DATA ELEMENTS--GENERAL INFORMATION
fixed length control field 240624s9999 xx 000 0 und d
041 ## - LANGUAGE CODE
Language code of text/sound track or separate title eng
082 ## - DEWEY DECIMAL CLASSIFICATION NUMBER
Classification number 658.827 ING
100 ## - MAIN ENTRY--PERSONAL NAME
Personal name INGRASSIA LAWRENCE
245 ## - TITLE STATEMENT
Title BILLION DOLLAR BRAND CLUB HOW DOLLAR SHA
260 ## - PUBLICATION, DISTRIBUTION, ETC.
Date of publication, distribution, etc. 2020
Place of publication, distribution, etc. New York
Name of publisher, distributor, etc. Henry Holt and Co
300 ## - PHYSICAL DESCRIPTION
Extent 256p. ;23cm.
365 ## - TRADE PRICE
Currency code
Price amount 33
Holdings
Withdrawn status Lost status Damaged status Not for loan Home library Current library Shelving location Date acquired Full call number Barcode Date last seen Copy number Price effective from Koha item type
        IMTN IMTN Rack 37-A 01/07/2022 658.827 ING 32564 06/24/2024 78.2 06/24/2024 Books
Designed & Maintained by: LRC IMT Nagpur Contact: lrc@imtnag.ac.in© 2024. All Rights Reserved.